Culture Générale 1 - Statistiques

Statistiques générales
  • Ce quiz a été pris 54 fois
    23 depuis la dernière actualisation
  • Le résultat moyen est 12 sur 15
Statistiques - réponses
Questions Réponses % Correct
Combien de cordes a une guitare classique ? 6
100%
Quelle planète est surnommée la « planète rouge » ? Mars
100%
En quelle année a eu lieu la Révolution française ? 1789
94%
Quelle est la capitale de l'Australie ? Canberra
94%
Combien de pays partagent une frontière avec l'Allemagne ? 9
89%
Combien de chromosomes possède un être humain ? 46
83%
Dans quel pays se trouve le lac Titicaca ? Bolivie / Pérou
83%
Quel est le plus long fleuve du monde ? Le Nil
83%
Qui était le premier homme à marcher sur la Lune ? Neil Armstrong
83%
En quelle année l'URSS s'est-elle dissoute ? 1991
78%
Quel est le symbole chimique de l'or ? Au
72%
Quelle civilisation a construit le Machu Picchu ? Les Incas
72%
Dans quel musée est exposée la Vénus de Milo ? Louvre
72%
Qui a formulé la théorie de la relativité ? Albert Einstein
50%
Comment se nommait la ville avant d’être appelée « New York » La Nouvelle Amsterdam
50%
Aucun quiz correspondant
Distribution des résultats
% des personnes avec chaque résultat
Percentile par nombre de réponses
Votre historique - résultats
Vous n’avez pas pris ce quiz depuis la dernière actualisation